|
|
|
|
| LEADER |
00000cam a2200000 a 4500 |
| 001 |
vtls001116271 |
| 003 |
SK-MaSNL |
| 005 |
20260311133704.0 |
| 008 |
240226s1978 xo grlf 000 0 slo |
| 015 |
|
|
|a SNBA1978
|
| 020 |
|
|
|q (viazané)
|
| 035 |
|
|
|a SNK000059114
|
| 035 |
|
|
|a B3E3E1A5-149F-47E5-B623-7DD1D8B3FAAD
|
| 035 |
|
|
|a urn:nbn:sk:snk-am00ikg6
|
| 040 |
|
|
|a SNK
|b slo
|c SNK
|e AACR2
|
| 041 |
1 |
|
|a slo
|h cze
|
| 043 |
|
|
|a e-cs---
|
| 044 |
|
|
|a xo
|c SK
|
| 072 |
|
7 |
|a 343
|x Trestné právo
|2 konspekt
|
| 080 |
|
|
|a 343
|2 2011
|
| 080 |
|
|
|a (437)
|2 2011
|
| 080 |
|
|
|a (0.072)
|2 2011
|
| 080 |
|
|
|a (094.5)
|2 2011
|
| 080 |
|
|
|a (035)
|2 2011
|
| 130 |
0 |
|
|a Trestní zákon - komentář
|l Slovensky
|9 557759
|
| 245 |
0 |
0 |
|a Trestný zákon
|n 1
|p Komentár
|c vypracoval kolektív autorov pod vedením Karla Matysa ; [z českého rukopisu Trestní zákon - komentář preložili Michal Benčík, Milan Čič, Viliam Tholt a Zdena Šándorová]
|
| 246 |
3 |
0 |
|a Komentár
|
| 250 |
|
|
|a 1. vyd.
|
| 260 |
|
|
|a Bratislava
|b Obzor
|c 1978
|
| 300 |
|
|
|a 495 strán
|c 21 cm
|
| 366 |
|
|
|e 10000 kusov
|
| 490 |
1 |
|
|a Komentáre
|
| 500 |
|
|
|a Použité skratky a značky na strane 7
|
| 650 |
0 |
7 |
|a trestné právo
|2 SNKPH
|9 984
|
| 651 |
|
7 |
|a Československo
|2 SNKPHgeo
|9 21376
|
| 655 |
|
7 |
|a komentáre
|2 SNKPH
|9 70412
|
| 655 |
|
7 |
|a zákony
|2 SNKPH
|9 70186
|
| 655 |
|
7 |
|a príručky
|2 SNKPH
|9 74364
|
| 700 |
1 |
|
|a Benčík, Michal,
|d 1932-2015
|4 trl
|9 245243
|
| 700 |
1 |
|
|a Čič, Milan,
|d 1932-2012
|4 trl
|9 106535
|
| 700 |
1 |
|
|a Matys, Karel
|4 aut
|9 61203
|
| 700 |
1 |
|
|a Tholt, Viliam
|4 trl
|9 557760
|
| 700 |
1 |
|
|a Šándorová, Zdena
|4 trl
|9 279640
|
| 830 |
|
0 |
|a Komentáre
|9 312810
|
| 852 |
|
|
|a Slovenská národná knižnica
|
| 954 |
|
|
|a odborná, vedecká literatúra cudzojazyčná (svetová)
|2 lita
|
| 958 |
|
|
|a RK
|
| 958 |
|
|
|a TL
|
| 958 |
|
|
|a OND
|
| 958 |
|
|
|a CZ
|
| 958 |
|
|
|a OP
|
| 958 |
|
|
|a EUIPO
|
| 999 |
|
|
|c 855667
|d 857597
|
| 952 |
|
|
|t P60, <04>, [BOOK], {604}
|a SNK
|b SNK
|y VYP
|7 0
|p 17A0428117
|o snkSC 46642/1 D1
|i snkKSP 3962/79
|0 0
|1 0
|4 0
|d 1996-11-09
|l 0
|r 2004-12-31 00:00:00
|w 2026-02-24
|
| 952 |
|
|
|a SNK
|b SNK
|y PREZ
|7 0
|p 17A0759474
|o snkSC 46642/1
|i snkKSP 3961/79
|0 0
|1 0
|4 0
|d 2012-07-31
|f 1
|l 0
|r 2025-10-28 00:00:00
|w 2026-02-24
|